00326pab a2200121 454500008004000000100001700040245006400057260000900121300001500130362001100145650001400156773003400170180718b2000 xxu||||| |||| 00| 0 eng d aKurien, John aIcelandic fisheries governance: a third world understanding c2000 ap.3061-066 a19 Aug aFisheries aEconomic and Political Weekly